000 00504nam a2200181Ia 4500
999 _c28275
_d28275
003 OSt
005 20210105122221.0
008 190216s9999||||xx |||||||||||||| ||und||
020 _a817180005
040 _coclc
082 _a894.8122
_bCHI/T
100 _aChidambaran, K M
_98153
245 0 _aThuramugham /
_cK M Chidambaran
260 _bPoorna Publications,
_c1989.
_aKozhikode:
300 _a102p
650 _aNadakam
942 _cBK
_2ddc
_h894.8122
_iCHI/T
_k894.8122
_mCHI/T